000 00636nam a2200229Ia 4500
003 OSt
005 20220918105351.0
006 a|||||r|||| 00| 0
007 ta
008 220915b |||||||| |||| 00| 0 per d
024 _a62,170
037 _cReference Collections
040 _aARTS
_cARTS
_bper
041 _2per
_aper
082 _aV45:67, 164E1
100 _aNadvi Mohammad Bin Ali Au.
_9557
245 0 _aKitab raahtussudoor wa aaitul suroor
260 _c1921
650 _aIRAN - HISTORY
_9558
942 _hV45:67, 164E1
_cREF
999 _c106411
_d106411